• 首页
  • 本馆介绍
  • 公告通知
  • 最新文献
  • 馆藏检索
  • 电子资源
  • 读者导购
  • 参考咨询
  • 我的图书馆
  • 登录
  • 详细信息显示
  • 放入我的书架
  • 预约/预借图书
  • 作者相关作品
  • 分类相关作品
  • 丛书相关作品
  • 出版社相关作品

书目信息

  • 表格格式
  • 工作单格式
  • 卡片格式
题名:
公共图书馆宣传推广与阅读促进
    
 
作者: 李超平 编著
分册:  
出版信息: 北京   北京师范大学出版社  2013
页数: 284页
开本: 23cm
丛书名:
单 册:
中图分类: G252.1 , G252.17
科图分类:
主题词: 公共图书馆--图书宣传--业务培训--教材 , 公共图书馆--读书活动--业务培训--教材
电子资源:
ISBN: 978-7-303-15598-9
000 01085nam0 2200265 450
001 338958
005 20150604100535.35
010    @a978-7-303-15598-9@dCNY32.00
100    @a20130326d2013 em y0chiy50 ea
101 0  @achi
102    @aCN@b110000
105    @aa z 000yy
106    @ar
200 1  @a公共图书馆宣传推广与阅读促进@Agong gong tu shu guan xuan chuan tui guang yu yue du cu jin@f李超平编著
210    @a北京@c北京师范大学出版社@d2013
215    @a284页@c图@d23cm
300    @a全国基层文化队伍培训教材 公共图书馆系列/李国新主编
330    @a本书在宣传推广部分, 介绍了宣传推广的基本概念、相关的理论以及操作实务;在阅读促进部分介绍了阅读的基本概念、历史、社会背景、相关的理论以及操作实务等。书中不仅全面介绍了宣传推广与阅读促进的基本原理与技能, 还通过大量的案例来说明这些原理与技能的运用方法。
606 0  @a公共图书馆@x图书宣传@x业务培训@j教材
606 0  @a公共图书馆@x读书活动@x业务培训@j教材
690    @aG252.1@v5
690    @aG252.17@v5
701  0 @a李超平@Ali chao ping@c(女, @f1960)@4编著
801  0 @aCN@b卓展宏图@c20150525
905    @dG252.1@e93@f4
    
    公共图书馆宣传推广与阅读促进/李超平编著.-北京:北京师范大学出版社,2013
    284页:图;23cm
    全国基层文化队伍培训教材 公共图书馆系列/李国新主编
    
    ISBN 978-7-303-15598-9:CNY32.00
    本书在宣传推广部分, 介绍了宣传推广的基本概念、相关的理论以及操作实务;在阅读促进部分介绍了阅读的基本概念、历史、社会背景、相关的理论以及操作实务等。书中不仅全面介绍了宣传推广与阅读促进的基本原理与技能, 还通过大量的案例来说明这些原理与技能的运用方法。
●
相关链接 在E读中查询图书 在五车中查询图书 在当当中查询图书 在豆瓣中查询图书


正题名:公共图书馆宣传推广与阅读促进     索取号:G252.1/93         预约/预借

序号 登录号 条形码 馆藏地/架位号 状态 备注
1 858689   208586895   第一样本阅览室/ [索取号:G252.1/93] 在馆    
2 858690   208586902   第四借阅区/ [索取号:G252.1/93] 在馆    
3 858691   208586911   第四借阅区/ [索取号:G252.1/93] 在馆    
4 858692   208586920   第四借阅区/ [索取号:G252.1/93] 在馆    
唐山师范学院图书馆 欢迎您!
大连网信软件有限公司© 版权所有